[Event "Europa ch 2014"]
[Site "Yerevan ARM"]
[Date "2014.03.05"]
[Round "3.110"]
[White "Henseler, Jorgen"]
[Black "Baghdasaryan, Vahe"]
[Result "1/2-1/2"]
[WhiteElo "2075"]
[BlackElo "2368"]
[PlyCount "81"]
[EventDate "2014.03.03"]
[EventType "swiss"]
[EventRounds "11"]
[EventCountry "ARM"]
[Source "lmi"]
[SourceDate "2014.03.02"]

1. e4 c5 2. Nf3 e6 3. d4 cxd4 4. Nxd4 a6 5. Bd3 Nf6 6. Qe2 d6 7. c4 g6 8. Nc3
Bg7 9. Be3 O-O 10. O-O Nbd7 11. Rfd1 Ne5 12. h3 b6 13. Rac1 Nxd3 14. Qxd3 Bb7
15. Nde2 b5 16. cxb5 axb5 17. e5 Nd5 18. exd6 Nxe3 19. Qxe3 b4 20. Nb5 Ra5 21.
Nc7 Rg5 22. Ng3 Bxb2 23. Rc4 Bc3 24. f4 Bd5 25. Rxc3 Rxg3 26. Qxg3 bxc3 27.
Qxc3 Qxd6 28. Nxd5 exd5 29. Qd4 Re8 30. a4 h5 31. Kh1 h4 32. a5 Re2 33. a6 Qxa6
34. Qxd5 Qf6 35. Qf3 Rc2 36. Rf1 Kg7 37. f5 Rc3 38. Qg4 Rg3 39. Qe4 g5 40. Rf3
Rxf3 41. Qxf3 1/2-1/2

[Event "Europa ch 2014"]
[Site "Yerevan ARM"]
[Date "2014.03.05"]
[Round "3.111"]
[White "Barseghyan, Harutyun"]
[Black "Mikaelyan, Arman"]
[Result "0-1"]
[WhiteElo "2067"]
[BlackElo "2291"]
[PlyCount "70"]
[EventDate "2014.03.03"]
[EventType "swiss"]
[EventRounds "11"]
[EventCountry "ARM"]
[Source "lmi"]
[SourceDate "2014.03.02"]

1. d4 d5 2. c4 c6 3. e3 Nf6 4. Nf3 e6 5. b3 c5 6. Bb2 cxd4 7. exd4 Nc6 8. Be2
Be7 9. O-O O-O 10. Nc3 b6 11. Ne5 Bb7 12. cxd5 Nxe5 13. dxe5 Nxd5 14. Nxd5 Bxd5
15. f4 Bc5+ 16. Kh1 Qh4 17. Ba6 Rad8 18. Qe2 Ba8 19. Bc3 Qh3 20. Bb2 Qf5 21.
Rae1 h5 22. Rd1 h4 23. Bd3 Rxd3 24. Rxd3 h3 25. Rg3 hxg2+ 26. Rxg2 Rd8 27. Bc1
g6 28. a3 a5 29. b4 axb4 30. axb4 Bxb4 31. Be3 Qh3 32. f5 exf5 33. Rfg1 Bf3 34.
Qc4 Rd1 35. Qc8+ Kh7 0-1

[Event "Europa ch 2014"]
[Site "Yerevan ARM"]
[Date "2014.03.05"]
[Round "3.112"]
[White "Cherednichenko, Svetlana"]
[Black "Imnadze, Nato"]
[Result "1-0"]
[WhiteElo "2270"]
[BlackElo "2100"]
[PlyCount "93"]
[EventDate "2014.03.03"]
[EventType "swiss"]
[EventRounds "11"]
[EventCountry "ARM"]
[Source "lmi"]
[SourceDate "2014.03.02"]

1. d4 Nf6 2. Nf3 g6 3. c4 Bg7 4. Nc3 d6 5. e4 O-O 6. Be2 e5 7. O-O Nc6 8. d5
Ne7 9. b4 Nd7 10. Be3 f5 11. Ng5 Nf6 12. f3 Bh6 13. Bc1 Bxg5 14. Bxg5 f4 15. c5
Kg7 16. Qc2 Ne8 17. Rfc1 Rf7 18. Nb5 Bd7 19. c6 bxc6 20. dxc6 Be6 21. Bc4 Qc8
22. Bxe6 Qxe6 23. Qc4 Qxc4 24. Rxc4 a5 25. Bxe7 Rxe7 26. a4 axb4 27. Rxb4 Ra6
28. a5 Kf7 29. Nc3 Nf6 30. Rb7 Kf8 31. Kf1 Re8 32. Nd5 Nxd5 33. exd5 Rc8 34.
Ke2 Ke7 35. Kd3 Kd8 36. g3 fxg3 37. hxg3 h5 38. g4 h4 39. g5 h3 40. Kc4 Rca8
41. Kb4 h2 42. Rb5 Ke7 43. Rh1 Rf8 44. Rb7 Raa8 45. Rxh2 Rac8 46. Rh7+ Kd8 47.
a6 1-0

[Event "Europa ch 2014"]
[Site "Yerevan ARM"]
[Date "2014.03.05"]
[Round "3.113"]
[White "Karatorossian, David"]
[Black "Babayan, Armine"]
[Result "1/2-1/2"]
[WhiteElo "2262"]
[BlackElo "2085"]
[PlyCount "117"]
[EventDate "2014.03.03"]
[EventType "swiss"]
[EventRounds "11"]
[EventCountry "ARM"]
[Source "lmi"]
[SourceDate "2014.03.02"]

1. b3 Nf6 2. Bb2 c5 3. c4 Nc6 4. Nf3 e6 5. g3 Be7 6. Bg2 O-O 7. O-O d5 8. cxd5
Nxd5 9. Nc3 Bf6 10. Qc1 b6 11. Nxd5 exd5 12. d4 Ba6 13. Re1 c4 14. Ne5 Rc8 15.
Qd2 Re8 16. Nxc6 Rxc6 17. Rac1 Rce6 18. bxc4 Bxc4 19. e4 g6 20. e5 Bg7 21. f4
b5 22. Re3 Ra6 23. a3 Bf8 24. h4 Qb6 25. Rf3 b4 26. axb4 Bxb4 27. Bc3 Ra2 28.
Rc2 Rxc2 29. Qxc2 Bxc3 30. Qxc3 a5 31. Kh2 a4 32. f5 gxf5 33. Rxf5 Re6 34. h5
h6 35. Qf3 Qa7 36. Rf6 Qe7 37. Qg4+ Kh8 38. Qf4 Rxf6 39. exf6 Qf8 40. Qc7 a3
41. Qf4 a2 42. Qc1 Kg8 43. Bf3 Bb3 44. Bd1 Bxd1 45. Qxd1 Qc8 46. Qa4 a1=Q 47.
Qxa1 Qf5 48. Kg1 Qxh5 49. Qe1 Kh7 50. Qb1+ Qg6 51. Qb3 Qe4 52. Kh2 Qxd4 53.
Qc2+ Qe4 54. Qc8 Qf3 55. Qc2+ Qe4 56. Qc8 Qe2+ 57. Kg1 Qe3+ 58. Kg2 Qe4+ 59.
Kh2 1/2-1/2

[Event "Europa ch 2014"]
[Site "Yerevan ARM"]
[Date "2014.03.05"]
[Round "3.114"]
[White "Poghosyan, Suren"]
[Black "Kanjaryan, Vladimir"]
[Result "1-0"]
[WhiteElo "2257"]
[BlackElo "2067"]
[PlyCount "45"]
[EventDate "2014.03.03"]
[EventType "swiss"]
[EventRounds "11"]
[EventCountry "ARM"]
[Source "lmi"]
[SourceDate "2014.03.02"]

1. e4 c5 2. d4 cxd4 3. c3 dxc3 4. Nxc3 Nc6 5. Nf3 d6 6. Bc4 e6 7. O-O Be7 8.
Qe2 Nf6 9. Rd1 Qc7 10. Nb5 Qb8 11. Bf4 e5 12. Bg5 a6 13. Bxf6 gxf6 14. Nc3 Bg4
15. Qe3 Qa7 16. Qh6 Bxf3 17. gxf3 Nd4 18. Qh3 b5 19. Bd5 Rb8 20. Rd2 Bd8 21.
Rxd4 Rg8+ 22. Kh1 Qxd4 23. Bc6+ 1-0

[Event "Europa ch 2014"]
[Site "Yerevan ARM"]
[Date "2014.03.05"]
[Round "3.115"]
[White "Galoyan, Levon"]
[Black "Gaboyan, Susanna"]
[Result "1/2-1/2"]
[WhiteElo "2251"]
[BlackElo "2043"]
[PlyCount "165"]
[EventDate "2014.03.03"]
[EventType "swiss"]
[EventRounds "11"]
[EventCountry "ARM"]
[Source "lmi"]
[SourceDate "2014.03.02"]

1. d4 Nf6 2. c4 g6 3. f3 d5 4. cxd5 Nxd5 5. e4 Nb6 6. Nc3 Bg7 7. Be3 Nc6 8.
Nge2 Nc4 9. Bc1 O-O 10. d5 N6e5 11. f4 Ng4 12. Qd3 Nb6 13. Ng3 h5 14. Be2 c6
15. h3 Nf6 16. dxc6 bxc6 17. e5 Nfd5 18. O-O h4 19. Nge4 Bf5 20. Qd1 Nb4 21.
Be3 Qxd1 22. Raxd1 Nxa2 23. Bf2 Nd5 24. Nxd5 cxd5 25. Nc5 Rab8 26. Rd2 Rfc8 27.
Ra1 Nb4 28. Rxa7 Bh6 29. Rd1 Bxf4 30. Rxe7 Nc6 31. Rb7 Rxb7 32. Nxb7 Rb8 33.
Nd6 Be6 34. Bxh4 Rxb2 35. Bf3 Nd4 36. Bg4 Bxg4 37. hxg4 Bxe5 38. Ne8 Ne2+ 39.
Kf1 d4 40. Nf6+ Kh8 41. Nd7 Bg7 42. Bf6 Bxf6 43. Nxf6 Kg7 44. Ne4 Rc2 45. Rd3
Kf8 46. Ng5 Ke7 47. Nf3 Nf4 48. Rxd4 Nxg2 49. Nd2 Nh4 50. Kf2 g5 51. Rd3 Ng6
52. Kg3 Nf4 53. Re3+ Ne6 54. Nf3 Kf6 55. Ra3 Kg6 56. Ne5+ Kg7 57. Ra7 Rc3+ 58.
Kf2 Rc7 59. Rxc7 Nxc7 60. Ke3 Kf6 61. Ke4 Ke6 62. Nf3 Kf6 63. Ne5 Nb5 64. Nd7+
Ke7 65. Ne5 Ke6 66. Nf3 f6 67. Ke3 Kd5 68. Kd3 Nd6 69. Ke3 Nc4+ 70. Kf2 Ne5 71.
Nh2 Ke4 72. Kg3 Ke3 73. Nf1+ Ke2 74. Nh2 Ke3 75. Nf1+ Kd4 76. Nd2 Nf7 77. Nf3+
Ke3 78. Ne1 Nd6 79. Nc2+ Ke4 80. Nb4 Nc4 81. Nc2 Nd2 82. Nb4 Kd4 83. Kf2
1/2-1/2

[Event "Europa ch 2014"]
[Site "Yerevan ARM"]
[Date "2014.03.05"]
[Round "3.116"]
[White "Sargissyan, Sargis"]
[Black "Aleksanyan, Hrant"]
[Result "1-0"]
[WhiteElo "2242"]
[BlackElo "2003"]
[PlyCount "89"]
[EventDate "2014.03.03"]
[EventType "swiss"]
[EventRounds "11"]
[EventCountry "ARM"]
[Source "lmi"]
[SourceDate "2014.03.02"]

1. e4 c5 2. Nf3 e6 3. Nc3 a6 4. d4 cxd4 5. Nxd4 Qc7 6. Bd3 Nf6 7. f4 d6 8. Qf3
Nc6 9. Be3 Be7 10. O-O-O O-O 11. Rhg1 Nd7 12. g4 Nxd4 13. Bxd4 e5 14. Nd5 Qd8
15. Bc3 exf4 16. g5 Ne5 17. Qxf4 Ng6 18. Qg3 Be6 19. h4 Bxd5 20. exd5 Qc7 21.
Rdf1 Ne5 22. Bxh7+ Kxh7 23. Bxe5 dxe5 24. g6+ Kh8 25. gxf7 g5 26. hxg5 Kg7 27.
Rh1 Rh8 28. Rh6 Rac8 29. c3 e4 30. Qxc7 Rxc7 31. Rxh8 Kxh8 32. f8=Q+ Bxf8 33.
Rxf8+ Kg7 34. Re8 Kg6 35. Rxe4 Kxg5 36. Kd2 Kf5 37. Kd3 b5 38. Re6 a5 39. Rc6
Rh7 40. Rb6 Ke5 41. Rxb5 Rh3+ 42. Kc4 a4 43. Kb4 Rh4+ 44. Ka3 Rc4 45. Rb4 1-0

[Event "Europa ch 2014"]
[Site "Yerevan ARM"]
[Date "2014.03.05"]
[Round "3.117"]
[White "Zanan, Evgeny"]
[Black "Kleinert, Juergen"]
[Result "1-0"]
[WhiteElo "2236"]
[BlackElo "2000"]
[PlyCount "105"]
[EventDate "2014.03.03"]
[EventType "swiss"]
[EventRounds "11"]
[EventCountry "ARM"]
[Source "lmi"]
[SourceDate "2014.03.02"]

1. e4 e5 2. Nf3 d5 3. exd5 Bd6 4. d4 e4 5. Ne5 Nf6 6. Bb5+ Bd7 7. Qe2 O-O 8.
Nxd7 Nbxd7 9. Bg5 h6 10. Bxf6 Nxf6 11. O-O a6 12. Ba4 b5 13. Bb3 Re8 14. a4 Rb8
15. axb5 axb5 16. Nc3 Qd7 17. Nd1 Ng4 18. g3 f5 19. Ne3 Nf6 20. f4 Rf8 21. c3
Rb6 22. Bc2 Be7 23. Ra7 Kh8 24. Bb3 Ng8 25. Qh5 g5 26. Qh3 Rg6 27. Kh1 Bd6 28.
Bc2 Kg7 29. fxg5 Rxg5 30. Bxe4 Ne7 31. Raa1 Qc8 32. Bf3 Qe8 33. Rae1 Qg6 34.
Ng2 f4 35. Re6 Rf6 36. Nxf4 Bxf4 37. gxf4 Rxe6 38. dxe6 Qf5 39. Qxf5 Rxf5 40.
Be4 Rh5 41. f5 Kf6 42. Rf4 Rg5 43. b3 Nc8 44. Bd3 Nd6 45. c4 b4 46. c5 Nb7 47.
Ba6 Na5 48. d5 Nxb3 49. d6 cxd6 50. cxd6 Nc5 51. e7 Rg8 52. Bb5 Kf7 53. Bc4+
1-0

[Event "Europa ch 2014"]
[Site "Yerevan ARM"]
[Date "2014.03.05"]
[Round "3.118"]
[White "Pogosian, Georgy"]
[Black "Karapetyan, Lusine"]
[Result "1-0"]
[WhiteElo "2234"]
[BlackElo "1985"]
[PlyCount "115"]
[EventDate "2014.03.03"]
[EventType "swiss"]
[EventRounds "11"]
[EventCountry "ARM"]
[Source "lmi"]
[SourceDate "2014.03.02"]

1. Nf3 Nf6 2. g3 g6 3. Bg2 Bg7 4. O-O O-O 5. c4 c5 6. d4 cxd4 7. Nxd4 Nc6 8.
Nc3 Qb6 9. Ndb5 a6 10. Qa4 Qa5 11. Qxa5 Nxa5 12. Nc7 Rb8 13. Bf4 d6 14. Rac1
Nxc4 15. N3d5 Nxd5 16. Nxd5 e5 17. Rxc4 exf4 18. gxf4 b5 19. Rc2 Be6 20. b3 Kh8
21. Rc6 a5 22. Rfc1 Rfc8 23. e3 Rxc6 24. Rxc6 Rc8 25. Rxc8+ Bxc8 26. Ne7 Be6
27. Bd5 Bxd5 28. Nxd5 Bf8 29. Kf1 Kg7 30. Ke2 f5 31. Nc7 Kf6 32. Nxb5 Ke6 33.
Nc7+ Kd7 34. Nb5 Kc6 35. Nd4+ Kd5 36. Kd3 Bh6 37. f3 Kc5 38. a3 d5 39. Ne6+ Kb5
40. Nd4+ Kb6 41. Ne6 Kc6 42. a4 Kd6 43. Ng5 Kc5 44. Nxh7 Kb4 45. Kc2 d4 46.
exd4 Bxf4 47. Nf6 Ka3 48. h3 Bd6 49. Kc3 Ka2 50. Nd7 Kb1 51. Ne5 g5 52. Nf7 Be7
53. d5 Kc1 54. d6 Bf6+ 55. Kc4 Kd2 56. b4 axb4 57. a5 Kc2 58. Kxb4 1-0

[Event "Europa ch 2014"]
[Site "Yerevan ARM"]
[Date "2014.03.05"]
[Round "3.119"]
[White "Kuehn, Matthias"]
[Black "Gharagyozyan, Artur"]
[Result "0-1"]
[WhiteElo "1957"]
[BlackElo "2216"]
[PlyCount "94"]
[EventDate "2014.03.03"]
[EventType "swiss"]
[EventRounds "11"]
[EventCountry "ARM"]
[Source "lmi"]
[SourceDate "2014.03.02"]

1. e4 c5 2. Nc3 e6 3. f4 a6 4. Nf3 Nc6 5. d3 b5 6. g4 d5 7. Bd2 g6 8. h3 Bg7 9.
e5 f6 10. exf6 Bxf6 11. Bg2 h5 12. g5 Bg7 13. Nh4 Nge7 14. O-O O-O 15. Rb1 Qd6
16. Nxg6 Nxg6 17. f5 Rxf5 18. Qxh5 Nce7 19. Ne4 dxe4 20. Bc3 Bd4+ 21. Kh1 Bb7
22. dxe4 Rxf1+ 23. Rxf1 Rf8 24. Rf6 Rxf6 25. gxf6 Qf4 26. Bxd4 cxd4 27. fxe7
Nxe7 28. Qe8+ Qf8 29. Qd7 Bc6 30. Qxe6+ Qf7 31. Qg4+ Qg6 32. Qf4 Qf7 33. Qe5
Qg7 34. Qe6+ Kf8 35. Qd6 Kf7 36. Kh2 Qf6 37. Qg3 Ng6 38. Qc7+ Kf8 39. Qc8+ Be8
40. Qc5+ Kg7 41. Kg1 Bf7 42. a4 bxa4 43. Qa5 Nf4 44. Bf1 Qg6+ 45. Kh2 Qxe4 46.
Qxa4 Qe3 47. Bg2 Ne2 0-1

[Event "Europa ch 2014"]
[Site "Yerevan ARM"]
[Date "2014.03.05"]
[Round "3.120"]
[White "Nikolaidis, Konstantinos"]
[Black "Danielyan, Vahe"]
[Result "1/2-1/2"]
[WhiteElo "2186"]
[BlackElo "1919"]
[PlyCount "123"]
[EventDate "2014.03.03"]
[EventType "swiss"]
[EventRounds "11"]
[EventCountry "ARM"]
[Source "lmi"]
[SourceDate "2014.03.02"]

1. d4 d5 2. c4 dxc4 3. e4 e5 4. Nf3 exd4 5. Bxc4 Nc6 6. O-O Be6 7. Bb5 Bc5 8.
b4 Bb6 9. a4 a6 10. Bxc6+ bxc6 11. a5 Ba7 12. Bb2 Nf6 13. Bxd4 Nxe4 14. Bxa7
Qxd1 15. Rxd1 Rxa7 16. Nd4 Bd5 17. f3 Nf6 18. Nc3 O-O 19. b5 axb5 20. Nxd5 cxd5
21. Nxb5 Rb7 22. Nd4 Ra8 23. Nc6 Kf8 24. g4 h6 25. Re1 Rb5 26. Rec1 Ra6 27. Ra2
g6 28. Kf2 Nd7 29. Rac2 Ra8 30. Kg3 Rb3 31. Nd4 Rd3 32. Rxc7 Ne5 33. Re1 Re8
34. Nb5 Rxf3+ 35. Kg2 Rb3 36. Nd6 Rb2+ 37. Kg3 Reb8 38. Re3 R2b3 39. Rxb3 Rxb3+
40. Kg2 Rb2+ 41. Kg3 Ra2 42. Rc5 Ra3+ 43. Kg2 Nxg4 44. h3 Ne3+ 45. Kf2 Nc4 46.
Nb7 Ra2+ 47. Kf3 Ne5+ 48. Ke3 Ra3+ 49. Kd4 Nc4 50. Kxd5 Nxa5 51. Rxa5 Rxh3 52.
Ra8+ Kg7 53. Nd6 h5 54. Ne8+ Kh6 55. Nd6 Rf3 56. Ra7 Rd3+ 57. Ke5 f6+ 58. Ke6
h4 59. Nf7+ Kh5 60. Kxf6 Rf3+ 61. Kg7 Rf5 62. Ra8 1/2-1/2

[Event "Europa ch 2014"]
[Site "Yerevan ARM"]
[Date "2014.03.05"]
[Round "3.121"]
[White "Mkrtchyan, Sargis R"]
[Black "Basencyan, Mark"]
[Result "1-0"]
[WhiteElo "1909"]
[BlackElo "2186"]
[PlyCount "176"]
[EventDate "2014.03.03"]
[EventType "swiss"]
[EventRounds "11"]
[EventCountry "ARM"]
[Source "lmi"]
[SourceDate "2014.03.02"]

1. d4 d5 2. Nf3 Nf6 3. c4 e6 4. Nc3 Be7 5. Bf4 O-O 6. e3 Nbd7 7. a3 c5 8. cxd5
Nxd5 9. Nxd5 exd5 10. dxc5 Nxc5 11. Be2 Bf6 12. Be5 Be6 13. Bxf6 Qxf6 14. Qd4
Qe7 15. Nd2 Rfd8 16. O-O Bf5 17. Rac1 Ne6 18. Qe5 Bg6 19. Bg4 Qd6 20. Qxd6 Rxd6
21. Rfd1 Rb6 22. f4 Bd3 23. b4 f5 24. Bf3 Rd8 25. Nb3 Be4 26. Bxe4 fxe4 27. f5
Nf8 28. Rc7 Ra6 29. Nc5 Rxa3 30. f6 gxf6 31. Nxe4 Ra6 32. Rxb7 Re6 33. Ng3 Rd7
34. Rxd7 Nxd7 35. Rxd5 Nb6 36. Rd3 Re5 37. Kf2 Rb5 38. Rd4 Nd5 39. e4 Nxb4 40.
Rd8+ Kf7 41. Rd7+ Ke6 42. Rxa7 Nd3+ 43. Ke3 Ne5 44. Nf5 Rb3+ 45. Kd2 Rd3+ 46.
Ke2 Rd7 47. Ra6+ Kf7 48. Ne3 Rd4 49. Ra7+ Kg6 50. Rg7+ Kxg7 51. Nf5+ Kg6 52.
Nxd4 h5 53. h3 Nc4 54. Kd3 Ne5+ 55. Ke3 Nc4+ 56. Kf4 Ne5 57. Nf3 Nd3+ 58. Ke3
Nc5 59. g3 Ne6 60. Nh4+ Kg5 61. Ng2 Nc5 62. Ne1 Ne6 63. Nd3 Nf8 64. Nc5 Ng6 65.
Nd7 h4 66. g4 Nf4 67. Nxf6 Nxh3 68. e5 Nf4 69. Kf3 Ne6 70. Ne4+ Kg6 71. Nf2
Ng5+ 72. Kg2 Kf7 73. Nh3 Nh7 74. Kf3 Nf8 75. Ke4 Ne6 76. Kf5 Nd4+ 77. Ke4 Ne6
78. Kd5 Nc7+ 79. Kd6 Ne6 80. g5 Ng7 81. Kd7 Nf5 82. e6+ Kg6 83. e7 Nxe7 84.
Kxe7 Kf5 85. Kf7 Kg4 86. g6 Kxh3 87. g7 Kg3 88. g8=Q+ Kf3 1-0

[Event "Europa ch 2014"]
[Site "Yerevan ARM"]
[Date "2014.03.05"]
[Round "3.122"]
[White "Gevorgyan, Maria"]
[Black "Porfireanu, Serban"]
[Result "1-0"]
[WhiteElo "2180"]
[BlackElo "1903"]
[PlyCount "89"]
[EventDate "2014.03.03"]
[EventType "swiss"]
[EventRounds "11"]
[EventCountry "ARM"]
[Source "lmi"]
[SourceDate "2014.03.02"]

1. e4 d6 2. d4 Nf6 3. Nc3 g6 4. f4 Bg7 5. Nf3 Bg4 6. h3 Bxf3 7. Qxf3 c6 8. a4
O-O 9. a5 Nbd7 10. e5 Ne8 11. a6 b5 12. Qxc6 b4 13. Nd5 Rb8 14. Bd2 e6 15. Nxb4
dxe5 16. dxe5 Qh4+ 17. Kd1 Nxe5 18. Qc5 Ng4 19. Nd3 Nef6 20. Be1 Qh6 21. Qg1
Rfd8 22. Bd2 Nf2+ 23. Qxf2 Ne4 24. Qe3 Nxd2 25. Kxd2 Bxb2 26. Ra4 Qg7 27. Ke2
Qc3 28. Ne1 Qc6 29. Qe4 Qc3 30. Kf2 Qc5+ 31. Kg3 Rd2 32. Kh2 g5 33. Bd3 Qd6 34.
Qxh7+ Kf8 35. Qh6+ Ke7 36. Qxg5+ Bf6 37. Qa5 Rd1 38. Nf3 Rdb1 39. Rxb1 Rxb1 40.
Rc4 Kd7 41. Ne5+ Ke8 42. Rc8+ Bd8 43. Bb5+ Ke7 44. Rxd8 Qc5 45. Rd7+ 1-0

[Event "Europa ch 2014"]
[Site "Yerevan ARM"]
[Date "2014.03.05"]
[Round "3.123"]
[White "Hoghmrtsyan, Artur"]
[Black "Vatinyan, Gor"]
[Result "0-1"]
[WhiteElo "1878"]
[BlackElo "2176"]
[PlyCount "96"]
[EventDate "2014.03.03"]
[EventType "swiss"]
[EventRounds "11"]
[EventCountry "ARM"]
[Source "lmi"]
[SourceDate "2014.03.02"]

1. e4 c5 2. Nc3 e6 3. g3 Nc6 4. Bg2 g6 5. Nge2 Bg7 6. O-O Nge7 7. d3 O-O 8. Bg5
h6 9. Be3 Nd4 10. Qd2 Kh7 11. Nd1 d5 12. c3 Nxe2+ 13. Qxe2 d4 14. cxd4 cxd4 15.
Bd2 e5 16. b3 Be6 17. Nb2 b5 18. Rac1 Qd6 19. f4 Rac8 20. f5 Bd7 21. a3 Qxa3
22. f6 Bxf6 23. Rxc8 Bxc8 24. Rxf6 Qxb2 25. Qf2 Kg8 26. Bxh6 Qxf2+ 27. Kxf2 Re8
28. Rd6 Be6 29. b4 Rc8 30. Bg5 Nc6 31. Rd5 Nxb4 32. Rxb5 Nxd3+ 33. Kg1 Kg7 34.
Bf1 Nc5 35. Be7 Nd7 36. Ra5 Rc1 37. Kf2 Nf6 38. Bxf6+ Kxf6 39. Rxa7 Bc4 40.
Bxc4 Rxc4 41. Kf3 Rc3+ 42. Kf2 Re3 43. h3 Rxe4 44. Ra3 Kg5 45. Rf3 f5 46. Ra3
f4 47. gxf4+ Rxf4+ 48. Kg2 Kf5 0-1

[Event "Europa ch 2014"]
[Site "Yerevan ARM"]
[Date "2014.03.05"]
[Round "3.125"]
[White "Hakobyan, Hovhannes H"]
[Black "Mnatsakanian, Eduard A"]
[Result "0-1"]
[WhiteElo "1869"]
[BlackElo "2144"]
[PlyCount "87"]
[EventDate "2014.03.03"]
[EventType "swiss"]
[EventRounds "11"]
[EventCountry "ARM"]
[Source "lmi"]
[SourceDate "2014.03.02"]

1. e4 Nf6 2. e5 Nd5 3. Nc3 Nb6 4. a4 a5 5. d4 d6 6. Nf3 g6 7. Bd3 Bg7 8. O-O
O-O 9. h3 Nc6 10. exd6 exd6 11. Bg5 f6 12. Bh4 Nb4 13. Ne2 Nxd3 14. Qxd3 Bf5
15. Qb3+ d5 16. Ng3 Bd7 17. Ne4 Bxa4 18. Qa2 Bb5 19. Nc5 Bxf1 20. Rxf1 Qc8 21.
Bg3 Re8 22. Qb3 Nc4 23. Qc3 c6 24. b3 Nb6 25. Qd3 Nd7 26. Na4 b5 27. Nc3 Nb6
28. Bd6 Bf8 29. Bg3 a4 30. bxa4 Nxa4 31. Ne2 Nb2 32. Qd2 Nc4 33. Qd1 Qf5 34.
Nf4 Bd6 35. Nh4 Qe4 36. Nh5 gxh5 37. Qxh5 Bxg3 38. fxg3 Qe3+ 39. Kh2 Qg5 40.
Qf3 Nd2 41. Qxf6 Nxf1+ 42. Qxf1 Rf8 43. Nf3 Qe3 44. c4 0-1

[Event "Europa ch 2014"]
[Site "Yerevan ARM"]
[Date "2014.03.05"]
[Round "3.126"]
[White "Tutisani, Noe"]
[Black "Davtyan, Artur"]
[Result "1/2-1/2"]
[WhiteElo "2137"]
[BlackElo "1843"]
[PlyCount "140"]
[EventDate "2014.03.03"]
[EventType "swiss"]
[EventRounds "11"]
[EventCountry "ARM"]
[Source "lmi"]
[SourceDate "2014.03.02"]

1. e4 c5 2. Nf3 e6 3. Nc3 a6 4. d4 cxd4 5. Nxd4 Qc7 6. Bd3 Nc6 7. Nb3 d6 8. O-O
Nf6 9. Be3 Be7 10. f4 O-O 11. Qf3 Nd7 12. Qh3 Re8 13. Kh1 Nf8 14. Rae1 Bd7 15.
Qg3 Ng6 16. f5 Bh4 17. fxg6 Bxg3 18. gxf7+ Kh8 19. fxe8=Q+ Rxe8 20. hxg3 Ne5
21. Be2 b5 22. a3 Bc6 23. Bd4 Qe7 24. Bxe5 dxe5 25. Rf3 Rf8 26. Rd1 Rf6 27.
Rxf6 gxf6 28. Bf3 Kg7 29. Kh2 Kg6 30. Rd3 Kh6 31. Na5 Ba8 32. b4 Qf8 33. Nb3 f5
34. exf5 Bxf3 35. Rxf3 exf5 36. Nc5 Qc8 37. Re3 e4 38. g4 Qc7+ 39. g3 Qd6 40.
Nb3 Kg7 41. Kg2 Qh6 42. Re2 e3 43. Nd4 Kf7 44. Nd1 f4 45. Nf3 Qg7 46. c3 Kg8
47. Nh2 Qb7+ 48. Nf3 Qd7 49. Nxe3 Qd3 50. Kf2 fxe3+ 51. Rxe3 Qc2+ 52. Kf1 Qc1+
53. Kf2 Qb2+ 54. Kf1 Qxa3 55. Nd4 Qa1+ 56. Kf2 Qa2+ 57. Kf3 Qd5+ 58. Kf4 Qd6+
59. Ke4 Kf7 60. Nf5 Qc6+ 61. Kf4 Qc7+ 62. Kg5 Kf8 63. Rd3 a5 64. bxa5 Qxa5 65.
Kf6 Qc7 66. Re3 Qc6+ 67. Kg5 Qd5 68. Kf4 Qc4+ 69. Kg5 Qc5 70. Rd3 Qc7 1/2-1/2

[Event "Europa ch 2014"]
[Site "Yerevan ARM"]
[Date "2014.03.05"]
[Round "3.127"]
[White "Ghvamberia, Nika"]
[Black "Simonyan, Latush"]
[Result "1-0"]
[WhiteElo "2133"]
[BlackElo "1799"]
[PlyCount "62"]
[EventDate "2014.03.03"]
[EventType "swiss"]
[EventRounds "11"]
[EventCountry "ARM"]
[Source "lmi"]
[SourceDate "2014.03.02"]

1. e4 c5 2. Nf3 d6 3. d4 cxd4 4. Nxd4 Nf6 5. Nc3 a6 6. Bg5 Nbd7 7. Bc4 e6 8.
Qe2 Be7 9. f4 O-O 10. O-O-O Qc7 11. Bxe6 fxe6 12. Nxe6 Qa5 13. Nxf8 Nxf8 14. f5
Bd7 15. g4 Rc8 16. Bf4 Rxc3 17. bxc3 d5 18. Rxd5 Nxd5 19. Qc4 Bc6 20. Kd2 Kh8
21. exd5 Bxd5 22. Bc7 Bg5+ 23. Ke1 b6 24. Bxb6 Qxb6 25. Qxd5 Qe3+ 26. Kf1 Qc1+
27. Ke2 Qxc2+ 28. Kf3 Qxc3+ 29. Kg2 Qc2+ 30. Kg3 Qc7+ 31. Kg2 h6 1-0

[Event "Europa ch 2014"]
[Site "Yerevan ARM"]
[Date "2014.03.05"]
[Round "3.128"]
[White "Bykova, Anastasia"]
[Black "Bejashvili, Irma"]
[Result "1-0"]
[WhiteElo "2132"]
[BlackElo "1749"]
[PlyCount "87"]
[EventDate "2014.03.03"]
[EventType "swiss"]
[EventRounds "11"]
[EventCountry "ARM"]
[Source "lmi"]
[SourceDate "2014.03.02"]

1. d4 Nf6 2. Nf3 d5 3. c4 e6 4. Qc2 Bb4+ 5. Bd2 Bxd2+ 6. Nbxd2 O-O 7. e3 Nbd7
8. Be2 Re8 9. cxd5 exd5 10. O-O Ne4 11. Rfc1 c6 12. b4 Ndf6 13. Rf1 Bf5 14. Qb2
h6 15. Nb3 Qe7 16. Nc5 Nd6 17. Ne5 b6 18. Na4 Bd7 19. Nc3 Rab8 20. b5 c5 21.
Bf3 cxd4 22. exd4 Nc4 23. Nxc4 dxc4 24. h3 Qd6 25. Rad1 Qf4 26. Qd2 Qh4 27. a4
g5 28. d5 Re5 29. Qd4 Qxd4 30. Rxd4 Rc8 31. Be2 Bf5 32. Bxc4 Kf8 33. f4 Re3 34.
fxg5 Rxc3 35. gxf6 Bxh3 36. Rff4 Bf5 37. d6 Bd7 38. Rh4 Kg8 39. Bd5 Rc1+ 40.
Kh2 Rf1 41. Bc6 Bf5 42. Rxh6 Bg6 43. Rdh4 Rxf6 44. Rh8+ 1-0

[Event "Europa ch 2014"]
[Site "Yerevan ARM"]
[Date "2014.03.06"]
[Round "4.1"]
[White "Riazantsev, Alexander"]
[Black "Artemiev, Vladislav"]
[Result "1/2-1/2"]
[WhiteElo "2689"]
[BlackElo "2621"]
[PlyCount "96"]
[EventDate "2014.03.03"]
[EventType "swiss"]
[EventRounds "11"]
[EventCountry "ARM"]
[Source "lmi"]
[SourceDate "2014.03.02"]

1. d4 d5 2. c4 c6 3. Nf3 Nf6 4. Nc3 e6 5. Bg5 Nbd7 6. cxd5 exd5 7. e3 Be7 8.
Bd3 Nf8 9. Qc2 Ne6 10. Bh4 g6 11. O-O O-O 12. Rab1 a5 13. a3 Ng7 14. b4 axb4
15. axb4 Bf5 16. b5 Bxd3 17. Qxd3 Nf5 18. Bxf6 Bxf6 19. Qc2 Qa5 20. bxc6 bxc6
21. Rfc1 Rfc8 22. h3 Be7 23. Qd3 Qd8 24. Rb3 Ba3 25. Rcb1 Bf8 26. Ne2 Ra2 27.
Nc1 Ra7 28. Rc3 Nd6 29. Ne2 Ne4 30. Rc2 Rcc7 31. Qd1 Qa8 32. Nd2 Nd6 33. Nf4
Nf5 34. Nd3 Bd6 35. Nf3 Rcb7 36. Rbc1 Ba3 37. Ra1 Bd6 38. Rac1 Ba3 39. Ra1 Bd6
40. Rxa7 Rxa7 41. Rc1 Kg7 42. Nfe5 Ne7 43. g3 Ra3 44. Kg2 h5 45. Qd2 Ra1 46.
Rxa1 Qxa1 47. Qc2 Qa8 48. Nf3 Qc8 1/2-1/2

[Event "Europa ch 2014"]
[Site "Yerevan ARM"]
[Date "2014.03.06"]
[Round "4.3"]
[White "Kovalenko, Igor"]
[Black "Eljanov, Pavel"]
[Result "1/2-1/2"]
[WhiteElo "2626"]
[BlackElo "2723"]
[PlyCount "82"]
[EventDate "2014.03.03"]
[EventType "swiss"]
[EventRounds "11"]
[EventCountry "ARM"]
[Source "lmi"]
[SourceDate "2014.03.02"]

1. d4 Nf6 2. c4 e6 3. Nf3 d5 4. Nc3 Bb4 5. Qa4+ Nc6 6. e3 O-O 7. Qc2 Ne7 8. Bd2
c5 9. dxc5 Bxc5 10. Rc1 Nc6 11. cxd5 exd5 12. Nxd5 Qxd5 13. Qxc5 Qxa2 14. Bd3
Rd8 15. Qc2 Be6 16. O-O Rac8 17. Qb1 Qxb1 18. Bxb1 Bg4 19. Rfd1 Ne5 20. Rxc8
Rxc8 21. Bc3 Nxf3+ 22. gxf3 Bxf3 23. Bf5 Re8 24. Rc1 Bc6 25. Bd4 a6 26. Bd3 Ne4
27. Bxe4 Rxe4 28. f3 Rh4 29. Kg2 g5 30. Rc5 g4 31. Kg3 Rh3+ 32. Kxg4 Rxh2 33.
e4 h6 34. Kg3 Rd2 35. Bc3 Rd6 36. Rf5 Rg6+ 37. Kf2 Kf8 38. Bb4+ Ke8 39. Rh5 Ba4
40. Bd2 Rc6 41. Kg3 Rg6+ 1/2-1/2